| 000 | 00661nam a22002057a 4500 | ||
|---|---|---|---|
| 003 | Nust | ||
| 005 | 20241030110521.0 | ||
| 008 | 170216b xxu||||| |||| 00| 0 eng d | ||
| 038 | _aMr. Zahoor | ||
| 040 | _cNust-MCE | ||
| 082 | _a200 | ||
| 100 |
_aMuhammad Asad Ullah Tahir _934727 |
||
| 245 |
_aFactors affecting labor productivity at building construction projects in Pakistan / _cMuhammad Asad Ullah Tahir |
||
| 260 |
_aRisalpur _bMuhammad Asad Ullah Tahir _cc2014 |
||
| 300 | _a77 p. : | ||
| 650 |
_aMCE _9379 |
||
| 700 |
_aSupervisor. Dr. Sarfraz Ahmed _9126593 |
||
| 856 | _u http://10.250.8.41:8080/xmlui/handle/123456789/11795 | ||
| 942 |
_cSC _2ddc |
||
| 999 |
_c229780 _d229780 |
||